Catálogo

CULTURE AND RELATED CORPORATE REALITIES (Registro nro. 44814)

Detalles MARC
000 -LEADER
fixed length control field 00450nam a2200169 a 4500
001 - CONTROL NUMBER
control field 44814
005 - DATE AND TIME OF LATEST TRANSACTION
control field 20180714023807.0
008 - FIXED-LENGTH DATA ELEMENTS--GENERAL INFORMATION
fixed length control field 140415s1985 000 0 spa d
020 ## - INTERNATIONAL STANDARD BOOK NUMBER
International Standard Book Number 0256031428
041 ## - LANGUAGE CODE
Language code of text/sound track or separate title spa
082 ## - DEWEY DECIMAL CLASSIFICATION NUMBER
Classification number 658.407
Item number SAT
100 1# - MAIN ENTRY--PERSONAL NAME
Personal name SATHE, VIJAY
245 10 - TITLE STATEMENT
Title CULTURE AND RELATED CORPORATE REALITIES
260 ## - PUBLICATION, DISTRIBUTION, ETC.
Place of publication, distribution, etc. [s.l.] :
Name of publisher, distributor, etc. RICHARD D. IRWIN,
Date of publication, distribution, etc. 1985
300 ## - PHYSICAL DESCRIPTION
Extent 579
650 14 - SUBJECT ADDED ENTRY--TOPICAL TERM
Topical term or geographic name entry element ADMINISTRACION
General subdivision EJECUTIVOS
Existencias
Withdrawn status Lost status Source of classification or shelving scheme Damaged status Not for loan Home library Current library Shelving location Date acquired Source of acquisition Total Checkouts Full call number Barcode Price effective from Koha item type Collection code Inventory number Date last seen Date last checked out
  Extraviado Dewey Decimal Classification     Biblioteca Karol Wojtyla Biblioteca Karol Wojtyla   03/12/2013 Compra   658.407 SAT 6739 03/12/2013 Libro        
    Dewey Decimal Classification     Biblioteca Karol Wojtyla Biblioteca Karol Wojtyla Sala general 03/12/2013 Compra   658.407 SAT 6736 03/12/2013 Libro General 151000000000000000013564 05/01/2026  
    Dewey Decimal Classification     Biblioteca Karol Wojtyla Biblioteca Karol Wojtyla Sala general 03/12/2013 Compra 1 306 SAT 6738 03/12/2013 Libro General 151000000000000000053438 05/01/2026 07/06/2022
  Extraviado Dewey Decimal Classification     Biblioteca Karol Wojtyla Biblioteca Karol Wojtyla   03/12/2013 Compra   658.407 SAT 6737 03/12/2013 Libro        
    Dewey Decimal Classification     Biblioteca Karol Wojtyla Biblioteca Karol Wojtyla Sala general 03/12/2013 Compra   306 SAT 22798 03/12/2013 Libro General 151000000000000000053787 05/01/2026  
  Extraviado Dewey Decimal Classification     Biblioteca Karol Wojtyla Biblioteca Karol Wojtyla   03/12/2013 Compra   306 SAT 13880 03/12/2013 Libro